| 000 | 00721nam a2200205 i 4500 | ||
|---|---|---|---|
| 001 | 23301 | ||
| 003 | ES-MaACL | ||
| 005 | 20230906152841.0 | ||
| 007 | t| | ||
| 008 | 021210s1952 sp ||||1| spa d | ||
| 100 | 1 |
_aAlvarez, José Sixto. _920652 |
|
| 245 | 1 | 3 |
_aUn viaje al país de los Matreros _b: seguido de cuadros de la ciudad y cuentos escogidos / _cJosé Sixto Alvarez, Fray Mocho (seud.) ; nota biográfica por Julio Castellanos. |
| 260 |
_a[Madrid : _bAguilar, _c1952] ( _fSoler) |
||
| 300 |
_a483 p. : _b1 retr. aut. ; _c12 cm. |
||
| 490 | 1 |
_aCrisol ; _v336 |
|
| 700 | 1 |
_aCastellanos, Julio. _936528 |
|
| 830 | 0 |
_aCrisol ; _v336 _9180848 |
|
| 852 |
_aES-MaACL _jD-8393 _bR.32158 |
||
| 999 |
_c23301 _d23301 |
||